000 00730nam a2200241 i 4500
001 000026151
003 DO-SdBNP
005 20231227104522.0
007 ta
008 110303s1963 dr r 000 0 spa d
040 _aDO-SdBNP
_bspa
_cBNPHU
_erda
082 _bF363d
_222
100 1 _aFernández Ormaechea, Antonio
_928988
_eautor
245 1 0 _aDesarrollo del programa oficial de filosofía del bachillerato /
_cAntonio Fernández Ormaechea.
264 _aSanto Domingo :
_bLa Tarde,
_c1963.
300 _a364 paginas ;
_c25 cm.
336 _2rdacontent
_atexto
_btxt
337 _2rdamedia
_asin mediación
_bn
338 _2rdacarrier
_avolumen
_bnc
590 _aInventariado, 2018/ YL
910 _aYL
942 _2ddc
_cLBS1
999 _c25643
_d25643